MARC

LEADER 00000nam0a2200000 4500
001 373682
005 20231102012604.0
010 |a 502024533Х 
035 |a (RuTPU)RU\TPU\retro\31112 
035 |a RU\TPU\book\225068 
090 |a 373682 
100 |a 20221216d1989 k y0rusy50 ca 
101 0 |a rus 
102 |a RU 
105 |a a z 001zy 
200 1 |a Оптическая ориентация  |f Академия наук СССР (АН СССР), Физико-технический институт им. А. Ф. Иоффе (ФТИ) ; под ред. Б. П. Захарчени, Ф. Майера 
210 |a Ленинград  |c Наука  |d 1989 
215 |a 408 с.  |c ил. 
225 1 |a Современные проблемы науки о конденсированных средах 
320 |a Библиогр. в конце гл. 
606 1 |a Полупроводники  |x Оптическая ориентация  |2 stltpush  |3 (RuTPU)RU\TPU\subj\72228  |9 85796 
610 1 |a конденсированные среды 
610 1 |a физические явления 
610 1 |a релаксация 
610 1 |a электроны 
610 1 |a фотоэмиссия 
610 1 |a экситоны 
610 1 |a фотоэлектроны 
675 |a 537.311.322:535  |v 3 
702 1 |a Захарченя  |b Б. П.  |4 340 
702 1 |a Майер  |b Ф.  |4 340 
712 0 2 |a Академия наук СССР (АН СССР)  |b Физико-технический институт им. А. Ф. Иоффе (ФТИ)  |c (Ленинград)  |2 stltpush  |3 (RuTPU)RU\TPU\col\12056 
801 1 |a RU  |b 63413507  |c 20120111 
801 2 |a RU  |b 63413507  |c 20221216  |g RCR 
942 |c BK